000 00347nam a22001337a 4500
003 URS
005 20250625090500.0
040 _curs
245 _aAn Introduction to Banking:
_bLiquidity Risk and Asset-Liability Mnagement
260 _aUK:
_bJohn Wiley & Sons Ltd,
_c[2011]
300 _axi, 357 pages
700 _aMasek, Oldrich
942 _2lcc
_cFR
999 _c83147
_d83146